Essays on Paul. (Record no. 5647)

000 -LEADER
fixed length control field 00647nam a2200181 a 4500
001 - CONTROL NUMBER
control field :::00003389$&:&@@
003 - CONTROL NUMBER IDENTIFIER
control field OkBaRHE
005 - DATE AND TIME OF LATEST TRANSACTION
control field 20100401122917.0
008 - FIXED-LENGTH DATA ELEMENTS--GENERAL INFORMATION
fixed length control field s1982 j 000 0 eng u
040 ## - CATALOGING SOURCE
Transcribing agency
100 1# - MAIN ENTRY--PERSONAL NAME
Personal name Barrett, C. K. (Charles Kingsley), 1917-
245 10 - TITLE STATEMENT
Title Essays on Paul.
260 ## - PUBLICATION, DISTRIBUTION, ETC. (IMPRINT)
Place of publication, distribution, etc Philadelphia, PA., :
Name of publisher, distributor, etc Westminster Press
Date of publication, distribution, etc 1982
300 ## - PHYSICAL DESCRIPTION
Extent ix, 170 p. ;
Dimensions 22 cm.
650 ## - SUBJECT ADDED ENTRY--TOPICAL TERM
Topical term or geographic name as entry element Bible New Testament Epistles of Paul
General subdivision Criticism, Interpretation, etc. Addresses, Essays, Lectures
942 ## - ADDED ENTRY ELEMENTS (KOHA)
Source of classification or shelving scheme
Koha item type Books
Copies
Price effective from Source of classification or shelving scheme Barcode Withdrawn status Permanent Location Copy number Shelving location Koha item type Full call number Not for loan Date last seen Date acquired Damaged status Lost status
2010-04-14 3389 RHEMA Bible Training College1General StacksBooksBS 2650.2 .B37 1982 2018-03-272010-04-14